| 000 | 00504nam a2200157 a 4500 | ||
|---|---|---|---|
| 001 | 2843 | ||
| 003 | CDMR | ||
| 005 | 20131011133602.0 | ||
| 008 | 130130s1930||||||||||||||||||||||||||||d | ||
| 040 |
_aCDMR _bcat _cCDMR |
||
| 110 | 2 |
_aAsociación de la Prensa de Málaga _92095 |
|
| 245 | 1 | 0 | _aMemoria leída en Junta General Ordinaria del mes de diciembre de 1930 por el secretario de la Asociación |
| 260 |
_aMálaga _c1930 _bAsociación de la Prensa de Málaga |
||
| 300 | _a34, [4] p. | ||
| 942 |
_cFULLET _2udc |
||
| 999 |
_c2843 _d2843 |
||